000 00531nam a2200181Ia 4500
005 20250508153355.0
008 008 250505s9999 xx 000 0 eng d
037 _aTextual
040 _aFEDL
_beng
_cFEDL
041 _aeng
_2eng
084 _a371.4, TYL
_qFEDL
100 _aTyler Leona
245 0 _aNational defense counseling and guidance training institutes program
300 _a93p.
650 _aEducational - Guidance and Counseling
_9756302
942 _cTEXL
_h371.4, TYL
999 _c1342403
_d1342403